000 00641cam a2200241 a 4500
001 4802884
005 20180314045135.0
008 880923s1989 paua b 001 0 eng c
010 _a 88030872
020 _a0874341698
040 _aDNLM/DLC
_cDLC
_dDLC
041 _aeng
060 _aWY 100 M891h
080 _a610.73 MOR
082 0 0 _a610.73 MOR
_219
100 1 _a4
101 _aINF
245 1 0 _aHealth assessment in nursing /
_cPatricia Gonce Morton.
504 _aIncludes bibliographies and index.
906 _a7
_bcbc
_corignew
_d1
_eocip
_f19
_gy-gencatlg
942 _2ddc
_cBK
999 _c44956
_d44956